000 02048nam a2200241 4500
003 vecauma
005 20260408200708.0
007 ta
008 260408b ve ||||| |||| 00| 0 spa d
020 _a9789806913462
040 _avecauma
_bspa
_cvecauma
_dvecauma
_erda
041 _aspa
100 1 _eautor
245 1 _a¿Expropiaciones o vías de hecho?
_c/ Antonio Canova González, Luis Alfonso Herrera Orellana, Karina Anzola Spadaro
264 _aCaracas:
_bUniversidad Católica Andrés Bello;
_c2009.
300 _a255 páginas.
336 _atexto
_btxt
_2rdacontenido
337 _ano mediado
_bn
_2rdamedio
338 _avolumen
_bnc
_2rdasoporte
505 0 _aLas garantías expropiatorias esenciales e imprescindibles del derecho fundamental de propiedad en Venezuela y en derecho comparado / El derecho fundamental a la propiedad y las consecuencias de su función social / Las garantías expropiatorias y su incumplimiento: La vía de hecho. Relación con otras figuras jurídicas / La expropiación como garantía del derecho fundamental de propiedad en la historia constitucional de Venezuela (1811-2002) / Garantías expropiatorias esenciales e imprescindibles del derecho fundamental a la propiedad / Mención y análisis jurídico de los casos de apropiación forzosa de la propiedad privada por acciones públicas en el periodo 2005-2009 / Casos de apropiación de las tierras privadas por desconocimiento de la condición de propietarios de los particulares por la administración pública / Casos de apropiaciones forzosas de empresas o industrias de propiedad privada mediante la invocación de la potestad expropiatoria / Casas de "expropiaciones indirectas"o de medidas administrativas que surten efectos equivalentes a la apropiación forzosa de la propiedad privada / Valoración del respeto a las garantías expropiatorias en las medidas públicas contra la propiedad privada ocurrida en Venezuela Durante los últimos años /
942 1 _2lcc
_n0
_cBK
999 _c13328
_d13328